| 000 | 01804ctm a22002651i 4500 | ||
|---|---|---|---|
| 003 | SA-RiAUC | ||
| 005 | 20241106112052.0 | ||
| 008 | 241101s2008 ae f m 000 0 ara c | ||
| 040 |
_aSA-JeALM _bara _cSA-RiAUC. _erda |
||
| 082 | 0 | 4 |
_a251 _qSA-RiAUC |
| 090 |
_a251 _bد و س |
||
| 100 | 1 |
_aالدوسري, مسلم بن محمد بن ماجد. _eمؤلف. |
|
| 245 | 1 | 0 |
_aعموم البلوى : _bدراسة نظرية تطبيقية / _cتأليف مسلم بن محمد بن ماجد الدوسري ؛ تقريظ د. عبد الرحمن بن عبد الله الشعلان. |
| 264 | 0 |
_aالرياض : _bمكتبة الرشد، _c2000 |
|
| 300 |
_a192 صفحة ؛ _c30 سم |
||
| 336 |
_aنص _btxt _2rdacontent _3أطروحة |
||
| 337 |
_aبدون وسيط _bn _2rdamedia |
||
| 338 |
_aمجلد _bnc _2rdacarrier |
||
| 520 | 0 | _aأصول الفقه. | |
| 520 | 3 | _aعموم البلوى من شمول الحالة أو الحادثة عددا كثيرا من المكلفين بحيث بنتشر أو يغير الاحتراز عموما عموم البلوى في أصول الفقه من جهة خير الواحدة وفي الاجتماع أو القياس وفي الاستحسان وله صلة بالقواعد الفقهية من خلال قواعد الضرر وبالفتوى المعاصرة من حيث الأخر بالأيسر ومراعاة البلوى ومناهج الإفتاء المعاصر. التطبيقات المعاصرة عموم البلوى كثيرا جدا في شتى المجالات منها العبادات والمعاملات العامة. | |
| 650 | 7 |
_aأصول الفقه الإسلامي _2aucsh |
|
| 700 |
_aالشعلان, عبد الرحمن بن عبد الله. _eتقديم |
||
| 942 |
_2ddc _cBOOK _n0 |
||
| 949 |
_aSA-JeALM _d241101 _umohamedma123 _n1 |
||
| 999 |
_c2101 _d2101 |
||